Fútbol femenino 2025/26 - Estadísticas

Estadísticas generales
  • Esta prueba ha sido intentada 184 veces
    50 desde el último reinicio
  • La puntuación promedio es 20 de 30
Estadísticas de respuestas
Primera División % Correcto
FC Barcelona
100%
Real Madrid CF
100%
Atlético de Madrid
95%
Athletic Club
90%
Real Betis
87%
Real Sociedad
87%
Sevilla FC
87%
Valencia CF
87%
CD Tenerife
85%
Levante UD
85%
Deportivo de La Coruña
82%
RCD Espanyol
82%
Granada CF
77%
Alhama CF
64%
Madrid CFF
64%
SD Eibar
64%
FC Levante Badalona
62%
Deportivo Alavés Gloriosas
59%
FC Barcelona B
59%
Villarreal CF
59%
DUX Logroño
51%
Real Madrid B
51%
Real Oviedo
51%
CA Osasuna
49%
CD Alba Fundación
49%
CE Europa
41%
Atlético de Madrid B
36%
CP Cacereño
33%
CD Getafe
31%
S. E. AEM
10%
No se encontraron pruebas coincidentes
Distribución de puntuación
Porcentaje de gente con cada puntuación
Porcentaje por número respondido
Historial de tus puntuaciones
No has intentado esta prueba desde el último reinicio